LDR 01063nam a2200265 i 4500 001 000000057380 003 CaOOAMICUS 005 20260522162445.0 008 981022s1989 it u000 u ita u 020 $a88-06-11645-2 040 $aSeMil$bita 245 12$aL'Umbria /$ca cura di Renato Covino e Giampaolo Gallo. 264 1$aTorino :$bEinaudi,$c1989. 300 $aXXV, 871 p., [18] c. di tav. :$bill. ;$c22 cm 650 4$aUmbria - Storia - Sec. 19.-20.$0(OLS)http://semarc/subject/60345 700 1 $aCovino, Renato.$0(OLS)http://semarc/name/16243 700 1 $aGallo, Giampaolo.$0(OLS)http://semarc/name/29164 773 0 $tStoria d'Italia.$dTorino : Einaudi, 1977-2002.$w()3449 850 $aSeMil 852 $aSeMil$W1$xVenegono$y1$mSL1.J V 8$j272408$B23534$CSeMilBibl$Z2$F23536 $8I 961 $aAcquisto: Rappresentante 996 $6020$a88-06-11645-2$9(OLS)http://semarc/number/32703 996 $6245$aL'Umbria$9(OLS)http://semarc/title/180396 996 $6264$aTorino :$bEinaudi$9(OLS)http://semarc/publisher/29884